Control de espacio de estado.

Bibliographic Details
Main Authors: Domínguez, Sergio, Campoy, Pascual, Sebastian, José María; Jimenez, Agustin.
Format: Section = Libro
Language:Undetermined
Spanish
Published: Madrid, España Pearson Educación 2006
Edition:2a.ed.
Subjects:
LEADER 00710nam a2200253Ia 4500
008 240829s9999 xx 000 0 und d
020 |a 84-8322-297-3 
040 |a BIBLIOTECA-RUSB/ 629.8 C764 
041 |a spa 
082 |a 629.8 C764 
100 1 |a Domínguez, Sergio 
100 1 |b  Campoy, Pascual 
100 1 |c  Sebastian, José María; Jimenez, Agustin. 
245 1 0 |a Control de espacio de estado. 
250 |a 2a.ed. 
260 |a Madrid, España  |b Pearson Educación  |c 2006 
300 |a 414 p. :il. 
650 7 |a INGENIERIA DE CONTROL AUTOMATICO 
650 7 |b  SISTEMA CONTINUOS 
650 7 |c  SISTEMAS LINEALES 
650 7 |d  SSITEMAS DISCRETOS 
942 |c BK  |2 ddc 
991 |a TEXTO 
999 |c 3866